Polacy w Bundeslidze w sezonie 2020/21. - Statystyki

Ogólne statystyki
  • Ten quiz został rozwiązany 131 razy
  • Średni wynik to 6 z 7
Statystyki odpowiedzi
Klub Pozycja Odpowiedź % Poprawnych
Bayern Monachium Środkowy napastnik Lewandowski
100%
Borussia Dortmund Prawy obrońca Piszczek
94%
Hertha Berlin Środkowy napastnik Piątek
93%
Augsburg Bramkarz Gikiewicz
83%
Augsburg Prawy obrońca Gumny
71%
Stuttgart Środkowy obrońca Kamiński
68%
Wolfsburg Środkowy napastnik Białek
59%
Nie znaleziono quizów pasujących do podanych kryteriów
Rozkład punktacji
Procent ludzi z każdym wynikiem
Percentyl według liczby udzielonych odpowiedzi
Twoja historia wyników
Nie rozwiązałeś tego quizu